_Special Need Education module 2 Child Growth and Development Margaret Mumbi Githang`a (Record no. 7335)
[ view plain ]
| 000 -LEADER | |
|---|---|
| fixed length control field | 00398nam a2200121Ia 4500 |
| 008 - FIXED-LENGTH DATA ELEMENTS--GENERAL INFORMATION | |
| fixed length control field | 151021s9999 xx 000 0 und d |
| 050 ## - LIBRARY OF CONGRESS CALL NUMBER | |
| Classification number | LC 3988 .k4k57 2002 |
| 245 ## - TITLE STATEMENT | |
| Title | _Special Need Education module 2 Child Growth and Development Margaret Mumbi Githang`a |
| 260 ## - PUBLICATION, DISTRIBUTION, ETC. (IMPRINT) | |
| Place of publication, distribution, etc. | Nairobi KISE 2002 |
| 300 ## - PHYSICAL DESCRIPTION | |
| Extent | ix,100p. |
| 650 ## - SUBJECT ADDED ENTRY--TOPICAL TERM | |
| Topical term or geographic name as entry element | _child growth and development |
| 980 ## - EQUIVALENCE OR CROSS-REFERENCE-SERIES STATEMENT--PERSONAL NAME/TITLE [LOCAL, CANADA] | |
| Personal name | ^d20110615 04:19:07^okorir |
No items available.